| 000 | 00528nam a2200157Ia 4500 | ||
|---|---|---|---|
| 008 | 170221s9999 xx 000 0 und d | ||
| 100 | _aKathleen Czech | ||
| 245 | _aCommunication, Leadership, and Job Satisfaction: Perspectives on Supervisor-Subordinate Relationships | ||
| 245 | _cKathleen Czech, G. L. Forward | ||
| 260 | _bStudies in Media and Communication | ||
| 260 | _c2013 | ||
| 300 | _a33 : 5 | ||
| 650 | _xCommunication | ||
| 650 | _xMedia Arts | ||
| 856 | _uhttp://redfame.com/journal/index.php/smc/issue/view/8 | ||
| 999 |
_c311031 _d311031 |
||